Bombay say GHQ Tak (Record no. 321772)

000 -LEADER
fixed length control field 00297 a2200121 4500
001 - CONTROL NUMBER
control field 86699
003 - CONTROL NUMBER IDENTIFIER
control field NUST
005 - DATE AND TIME OF LATEST TRANSACTION
control field 20180123110002.0
008 - FIXED-LENGTH DATA ELEMENTS--GENERAL INFORMATION
fixed length control field 180123b xxu||||| |||| 00| 0 eng d
082 ## - DEWEY DECIMAL CLASSIFICATION NUMBER
Classification number 923.55 ABU
100 ## - MAIN ENTRY--PERSONAL NAME
Personal name Abu bakkr Usman Maj General
9 (RLIN) 9565
245 ## - TITLE STATEMENT
Title Bombay say GHQ Tak
Medium Urdu
260 ## - PUBLICATION, DISTRIBUTION, ETC.
Place of publication, distribution, etc. Lahore
Name of publisher, distributor, etc. Doost Publishers
Date of publication, distribution, etc. 2009
300 ## - PHYSICAL DESCRIPTION
Extent 712p.
942 ## - ADDED ENTRY ELEMENTS (KOHA)
Institution code [OBSOLETE] CAE NUST
Koha item type Book
Call number prefix 923.55 ABU
Source of classification or shelving scheme
Holdings
Withdrawn status Lost status Damaged status Not for loan Collection code Permanent Location Current Location Date acquired Total Checkouts Full call number Barcode Date last seen Price effective from Koha item type
          College of Aeronautical Engineering (CAE) College of Aeronautical Engineering (CAE) 04/03/2017   923.55 ABU CAE85606 04/05/2017 04/05/2017 Book
© 2023 Central Library, National University of Sciences and Technology. All Rights Reserved.